000
00426nam a2200133Ia 4500
008
100328s9999 xx 000 0 und d
082
_b
40857
100
_a
चितळे बाळ
245
_a
वैमानिक गूढकथा
260
_b
केसरी मुद्रणालय
630
_a
वैमानिक गूढकथा
730
_a
वैमानिक गूढकथा
942
_c
BOOK
999
_c
529564
_d
529561